Focus sur: Silvanus Brûlopot - Harry Potter - Statistiques

Statistiques générales
  • Ce quiz a été pris 29 fois
  • Le résultat moyen est 7 sur 10
Statistiques - réponses
Informations recherchées Réponses % Correct
Ecole fréquentée Poudlard
100%
Statut du sang Sang-Pur
96%
Successeur Rubeus Hagrid
93%
Première mention Harry Potter et le Prisonnier d'Azkaban
89%
Maison fréquentée Poufsouffle
89%
Profession Professeure de soins aux créatures magiques
89%
Couleur des cheveux Gris
71%
Intérieur de la baguette Plume de phénix
36%
Lieu de rencontre avec Harry Potter Pré-au-Lard
21%
Bois de la baguette Châtaigner
14%
Aucun quiz correspondant
Distribution des résultats
% des personnes avec chaque résultat
Percentile par nombre de réponses
Votre historique - résultats
Vous n’avez pas pris ce quiz